000 01516cam a2200337 4500
001 ABS65734
008 020717n2002 000 0 eng u
035 _a(Sirsi) u118872
100 _aBradford, K
245 _aBreakdown on renewals
260 _c2002
490 _aEstates Gazette
_v(0223) 8 June 2002, 117(1)
520 _aExamines the relationship between break clauses and lease renewals, highlighting relevant case law. Emphasises that landlords must serve a break notice and a notice under the Landlord and Tenant Act 1954 to gain possession. Looks at the form and service of a break notice and outlines the kind of conditions precedent attached to a break clause. Concludes with a discussion of redevelopment break clauses and advises developers to take early steps towards taking vacant possession. Case law.
590 _aABS
650 _aLANDLORD AND TENANT ACT 1954
650 _aREDEVELOPMENT
650 _aCONDITIONS PRECEDENT
650 _aBREAK CLAUSES
650 _aLEASE RENEWALS
650 _aGARSTON V SCOTTISH WIDOWS FUND & LIFE ASSURANCE SOCIETY
650 _aMANNAI INVESTMENT CO LTD V EAGLE STAR LIFE ASSURANCE CO LTD UK
650 _aBLUNDEN V FROGMORE INVESTMENTS
650 _aGREG V FRIAR
650 _aBASS HOLDINGS LTD V MORTON MUSIC LTD
650 _aREOHORN V BARRY CORP
650 _aADAMS V GREEN
650 _aNATIONAL CAR PARKS LTD V PARTERNOSTER CONSORTIUM
690 _aPROPERTY-LANDLORD AND TENANT
700 _aDensham, W
942 _n0
999 _c70751
_d70751